El moble, també qüestió de dones. (Record no. 11061)

MARC details
000 -CABECERA
campo de control de longitud fija 01265nam a22002777a 4500
001 - NÚMERO DE CONTROL
campo de control BRCA_9349
003 - IDENTIFICADOR DEL NÚMERO DE CONTROL
campo de control FranzMayer
005 - FECHA Y HORA DE LA ÚLTIMA TRANSACCIÓN
campo de control 20230913114616.0
008 - DATOS DE LONGITUD FIJA--INFORMACIÓN GENERAL
campo de control de longitud fija 230908b |||||||| |||| 00| 0 eng d
020 ## - NÚMERO INTERNACIONAL ESTÁNDAR DEL LIBRO
Número Internacional Estándar del Libro 9788491564218
040 ## - FUENTE DE LA CATALOGACIÓN
Centro catalogador/agencia de origen MFM
Lengua de catalogación ESPAÑOL
Centro/agencia transcriptor MFM
050 #0 - SIGNATURA TOPOGRÁFICA DE LA BIBLIOTECA DEL CONGRESO
Número de clasificación NK2215
Número de documento/Ítem M87 2022
110 1# - ENTRADA PRINCIPAL--NOMBRE DE ENTIDAD CORPORATIVA
Código de función/relación Responsable
Nombre de entidad corporativa o nombre de jurisdicción como elemento de entrada Museu del Disseny de Barcelona
9 (RLIN) 29743
240 ## - TÍTULO UNIFORME
Título uniforme El moble, també qüestió de dones.
Medio El mueble, también cuestión de mujeres
Lenguaje de la obra Catalán/Español
245 0# - MENCIÓN DE TÍTULO
Título El moble, també qüestió de dones.
Resto del título El mueble, también cuestión de mujeres
260 ## - PUBLICACIÓN, DISTRIBUCIÓN, ETC.
Lugar de publicación, distribución, etc. Barcelona, España
Nombre del editor, distribuidor, etc. Museu del Disseny de Barcelona
Fecha de publicación, distribución, etc. 2022
300 ## - DESCRIPCIÓN FÍSICA
Extensión 204 p
Otras características físicas Ilustraciones a color
Dimensiones 30 cm
500 ## - NOTA GENERAL
Nota general Contiene una dedicatoria a la biblioteca del Museo Franz Mayer
500 ## - NOTA GENERAL
Nota general L60/N6
505 ## - NOTA DE CONTENIDO CON FORMATO
Nota de contenido con formato Texto en: español y catalánIncluye índice temáticoIncluye bibliografíaDirigido a: artistas, diseñadores, historiadores de arte o personas con interés en el papel de la mujer en el arte.
650 1# - PUNTO DE ACCESO ADICIONAL DE MATERIA--TÉRMINO DE MATERIA
Fuente del encabezamiento o término Artes dcorativas
Término de materia o nombre geográfico como elemento de entrada Ornamentación
Subdivisión de forma Muebles
9 (RLIN) 29744
651 2# - PUNTO DE ACCESO ADICIONAL DE MATERIA--NOMBRE GEOGRÁFICO
Fuente del encabezamiento o término Construcción de muebles
Nombre geográfico Mujeres
Subdivisión de forma Mujeres en el arte
9 (RLIN) 29745
700 1# - PUNTO DE ACCESO ADICIONAL--NOMBRE DE PERSONA
Código de función/relación Direc
Nombre de persona Gil Farré, Núria
9 (RLIN) 29746
700 1# - PUNTO DE ACCESO ADICIONAL--NOMBRE DE PERSONA
Código de función/relación Coord
Nombre de persona Olivera, Silvia Mateos
9 (RLIN) 29747
942 ## - ELEMENTOS DE PUNTO DE ACCESO ADICIONAL (KOHA)
Fuente del sistema de clasificación o colocación Library of Congress Classification
Tipo de ítem Koha Libros
Holdings
Estado de retiro Estado de pérdida Fuente del sistema de clasificación o colocación Estado dañado No para préstamo Código de colección Localización permanente Ubicación/localización actual Fecha de adquisición Total de préstamos Signatura topográfica completa Código de barras Fecha visto por última vez Precio válido a partir de Tipo de ítem Koha
El ejemplar forma parte de la colección y puede ser consultado según las políticas vigentes.   Library of Congress Classification     Fondo Contemporáneo Biblioteca del Museo Franz Mayer (Rogerio Casas-Alatriste) Biblioteca del Museo Franz Mayer (Rogerio Casas-Alatriste) 08/09/2023   NK2215 M87 2022 CONT10216 08/09/2023 08/09/2023 Libros